000 00664nam a2200229Ia 4500
003 OSt
005 20220928113643.0
006 a|||||r|||| 00| 0
007 ta
008 220927b |||||||| |||| 00| 0 eng d
024 _a45335
037 _cTextual
040 _aSDCL
_cSDCL
_beng
041 _2eng
_aeng
082 _aV3y7M63,4, L5
100 _aTaylor A J P Ed.
_9434290
245 0 _aMy darling Pussy
_b The letters of George and Frances Stevenson,1913-41
260 _aLondon
_bWeidenfeld and Nicolson
_c1975
300 _avii,258p
_ccm.
942 _hV3y7M63,4, L5
_cTEXL
_2CC
999 _c750638
_d750638